00414nam a2200133 450000500170000010000220001724500890003926400480012830000170017633600220019333700240021533800240023999900170026320260530113901.01 aProspectus93231110aUniversity of Art and Design Helsinki / Information • Aalto University named TODAY 1bUniversity of Art and Design Helsnikic2003 a50 páginas atexto2rdacontent asin medio2rdamedia avolumen2rdacarrier c11786d11786